000 00624nam a2200253Ia 4500
005 20260121161133.0
008 008 260114s9999 xx 000 0 eng d
020 _a9781003349617
037 _aEBOOK
040 _aCRL
040 _beng
040 _cCRL
041 _2eng
041 _aeng
084 _qCRL
100 _a T. L. Johnston; T. L. Johnston
_91040669
245 0 _aEconomic Expansion and Structural Change
260 _bTaylor and Francis
260 _c1963
856 _uhttp://www.taylorfrancis.com/books/9781003349617
942 _cEBOOK
999 _c1607485
_d1607485